| 000 | 00378nam a2200157Ia 4500 | ||
|---|---|---|---|
| 003 | LK-CoDNM | ||
| 008 | 010623t2012 xxu||||| |||| 00| 1 eng d | ||
| 040 |
_aLK-CoDNM _dLK-CoDNM _eLK-CoDNM |
||
| 041 | _aeng | ||
| 080 |
_a030.8 _bDAN |
||
| 100 | _aDandeniya,Ajith | ||
| 245 | _aBPO and Sourcing Dictionary | ||
| 260 |
_bS.n. _aS.I. _c2012 |
||
| 300 | _b303, 18 cm | ||
| 942 | _cBK | ||
| 999 |
_c131976 _d131976 |
||